Statistics for How I Met Your Mother Characters by Picture

Click here to take the quiz!

General Stats

  • This quiz has been taken 55 times
  • The average score is 12 of 16

Answer Stats

Answer% Correct
Barney Stinson
100%
Robin Scherbatsky
100%
Ted Mosby
100%
Marshall Eriksen
98%
Lily Aldrin
96%
Victoria
83%
Stella Zinman
80%
Carl MacLaren
78%
George Van Smoot (The Captain)
76%
Ranjit Singh
74%
Tracy McConnell (The Mother)
72%
Zoey Pierson
70%
Quinn Garvey
65%
Sandy Rivers
61%
James Stinson
57%
Cindy
30%

Score Distribution

Percentile by Number Answered

Percent of People with Each Score

Your Score History

You have not taken this quiz